01441nmc a2200397 a 4500003000900000005001700009008004100026020001800067040001300085245009800098250001200196260003000208300002500238490004200263500006900305500004700374500011300421500006100534500009200595650002200687650002800709650003000737650002500767650001700792650002400809650002200833650001900855650001000874650002500884650002000909653002700929700002600956700002000982700002101002700002001023AR-BaBNM20251128204628.0125119s1994 ||||||||||||||000 | spa|| a950-507-402-6 cAR-BaBNM10aJugar con cuentosbestimulación de la percepción visual, el lenguaje y la lecto-escritura a1ª ed. aBuenos AiresbBonumc19940 a128 p.bil., cuadros 0aColección Educación y creatividad0 aTexto para educadores interesados en el estímulo de la lectura0 aRelatos basados en dibujos de Lino Palacio1 aLas tareas cubren tres niveles de acceso al relato: perceptual visual, verbal oral y el de la lectoescritura0 aActividades para maestras jardineras y maestros de grado0 aLos relatos están escritos como secuencia de oraciones y como secuencia de párrafos 4aJUEGOS EDUCATIVOS 4aENSENANZA DE LA LECTURA 4aENSENANZA DE LA ESCRITURA 4aNARRACION DE CUENTOS 4aESTIMULACION 4aPERCEPCION AUDITIVA 4aPERCEPCION VISUAL 4aEXPRESION ORAL 4aNINOS 4aMETODOS DE ENSENANZA 4aCUENTO INFANTIL 0aENSENANZA DE LA LENGUA1 aPalacio, Lino Enrique1 aFeldman, Jacobo1 aPalacio, Cecilia1 aReidy, Patricia